Vainqueurs de la coupe de France de football - Statistiques

Statistiques générales
  • Ce quiz a été pris 264 fois
  • Le résultat moyen est 21 sur 33
Statistiques - réponses
Hint Réponse % Correct
Gagné 10 fois OM
100%
Gagné 14 fois PSG
100%
Gagné 5 fois OL
98%
Gagné 6 fois LOSC
93%
Gagné 4 fois Nantes
93%
Gagné 6 fois ASSE
89%
Gagné 4 fois Bordeaux
89%
Gagné 3 fois Rennes
88%
Gagné 5 fois Monaco
81%
Gagné 3 fois OGC Nice
79%
Gagné 3 fois Strasbourg
78%
Gagné 2 fois Toulouse FC
77%
Gagné 2 fois Montpellier
74%
Gagné 2 fois Stade de Reims
69%
Gagné 2 fois FC Metz
62%
Gagné 4 fois Auxerre
61%
Gagné 2 fois FC Sochaux
57%
Gagné 5 fois RC Paris
57%
Gagné 1 fois FC Lorient
55%
Gagné 1 fois CA Paris
53%
Gagné 2 fois CA Sports généraux
52%
Gagné 1 fois Club Français
52%
Gagné 1 fois Olympique de Paris
52%
Gagné 2 fois EA Guingamp
48%
Gagné 1 fois SC Bastia
48%
Gagné 1 fois AS Nancy-Lorraine
46%
Gagné 1 fois EF Nancy-Lorraine
44%
Gagné 1 fois Le Havre AC
42%
Gagné 5 fois Red Star
32%
Gagné 2 fois CS Sedan
30%
Gagné 2 fois FC Sète
27%
Gagné 1 fois AS Cannes
23%
Gagné 1 fois EAC Roubaix
17%
Aucun quiz correspondant
Distribution des résultats
% des personnes avec chaque résultat
Percentile par nombre de réponses
Votre historique - résultats
Vous n’avez pas pris ce quiz